|
|
|
|
| LEADER |
01514nam a2200277 a 4500 |
| 001 |
1161045 |
| 008 |
101125r19981996caua 001 0 eng d |
| 010 |
|
|
|a 96006765
|
| 020 |
|
|
|a 8187105364
|
| 020 |
|
|
|a 1571690638
|
| 040 |
|
|
|a DLC
|c DLC
|d DLC
|d BD-DhAAL
|
| 082 |
0 |
0 |
|a 005.13/3
|2 20
|
| 100 |
1 |
|
|a Lafore, Robert
|q (Robert W.)
|
| 245 |
1 |
0 |
|a C++ interactive course /
|c Robert Lafore.
|
| 260 |
|
|
|a Corte Madera, CA :
|b Waite Group Press ;
|a New Delhi :
|b Techmedia,
|c c1996 [Reprinted 1998]
|
| 300 |
|
|
|a xlv, 875 p. :
|b ill. ;
|c 23 cm. +
|e 1 computer laser optical disc (4 3/4 in.)
|
| 500 |
|
|
|a Includes index.
|
| 541 |
|
|
|e 00010581
|
| 650 |
|
0 |
|a C++(Computer program language)
|
| 650 |
|
0 |
|a Object-oriented programming (Computer science)
|
| 852 |
4 |
|
|a Ayesha Abed Library
|j General shelf
|
| 999 |
|
|
|c 10084
|d 10084
|
| 952 |
|
|
|0 0
|1 0
|2 ddc
|4 0
|6 005_133000000000000_LAF
|7 0
|9 13295
|a BRACUL
|b BRACUL
|c GEN
|d 2010-11-27
|l 6
|m 50
|o 005.133 LAF
|p 3010010581
|r 2025-10-12
|s 2025-08-04
|t 1
|w 2010-11-27
|y BK
|
| 952 |
|
|
|0 0
|1 0
|2 ddc
|4 0
|6 005_133000000000000_LAF
|7 0
|9 13296
|a BRACUL
|b BRACUL
|c GEN
|d 2010-11-27
|l 2
|m 1
|o 005.133 LAF
|p 3010012268
|r 2022-06-12
|s 2022-05-29
|t 2
|w 2010-11-27
|y BK
|x Price not available in Register
|
| 952 |
|
|
|0 0
|1 0
|2 ddc
|4 0
|6 005_133000000000000_LAF
|7 0
|9 13315
|a BRACUL
|b BRACUL
|c GEN
|d 2010-11-27
|l 1
|m 44
|o 005.133 LAF
|p 3010010583
|r 2022-04-03
|s 2019-10-22
|t 3
|w 2010-11-27
|y BK
|
| 952 |
|
|
|0 0
|1 0
|2 ddc
|4 0
|6 005_133000000000000_LAF
|7 0
|9 13316
|a BRACUL
|b BRACUL
|c GEN
|d 2010-11-27
|l 1
|m 26
|o 005.133 LAF
|p 3010010582
|r 2019-04-24
|s 2018-10-16
|t 4
|w 2010-11-27
|y BK
|